Biggest Cities in Fiji - Statistics

General Stats
  • This quiz has been taken 24 times
  • The average score is 4 of 8
Answer Stats
Population City % Correct
Suva 185,913 Suva
100%
Ba 15,846 Ba
53%
Lautoka 71,573 Lautoka
53%
Nadi 71,043 Nadi
53%
Labasa 26,601 Labasa
47%
Nausori 57,882 Nausori
29%
Sigatoka 10,509 Sigatoka
24%
Lami 24,637 Lami
12%
No matching quizzes found
Score Distribution
Percent of People with Each Score
Percentile by Number Answered
Your Score History
You have not taken this quiz